Sustainable development in the built environment (Record no. 102444)
[ view plain ]
| 000 -LEADER | |
|---|---|
| fixed length control field | 00417cam a2200157 4500 |
| 008 - FIXED-LENGTH DATA ELEMENTS--GENERAL INFORMATION | |
| fixed length control field | 020930n2006 000 0 eng u |
| 020 ## - INTERNATIONAL STANDARD BOOK NUMBER | |
| International Standard Book Number | 1405100214 |
| 035 ## - SYSTEM CONTROL NUMBER | |
| System control number | (Sirsi) u119909 |
| 100 ## - MAIN ENTRY--PERSONAL NAME | |
| Personal name | Sexton, M. |
| 245 ## - TITLE STATEMENT | |
| Title | Sustainable development in the built environment |
| 260 ## - PUBLICATION, DISTRIBUTION, ETC. | |
| Place of publication, distribution, etc. | Oxford |
| Name of publisher, distributor, etc. | Blackwell |
| Date of publication, distribution, etc. | 2006 |
| 350 ## - PRICE (NR) (BK AM CF MU VM SE) [OBSOLETE] | |
| Price | 49.50 |
| 520 ## - SUMMARY, ETC. | |
| Summary, etc. | Due for publication March 2003. |
| 700 ## - ADDED ENTRY--PERSONAL NAME | |
| Personal name | Barrett, P. |
| 942 ## - ADDED ENTRY ELEMENTS (KOHA) | |
| Suppress in OPAC | 0 |
No items available.